| 000 | 00438nam a2200145Ia 4500 | ||
|---|---|---|---|
| 008 | 231129s1999||||xx |||||||||||||| ||spa|| | ||
| 020 | _a968-853-414-5 | ||
| 040 | _bspa | ||
| 082 | _a370.13 F465t | ||
| 100 | _aFierro Cecilia | ||
| 245 | 0 | _aTransformando la práctica docente: Una propuesta basada en la investigación-acción | |
| 260 | _c1999 | ||
| 264 | _aMéxico : Paidós | ||
| 942 |
_2ddc _cBKS |
||
| 999 |
_c25560 _d25560 |
||